[Event "DEM U10/U10w 2013"]
[Site "Oberhof GER"]
[Date "2013.05.22"]
[Round "7"]
[White "Huppert, Anna"]
[Black "Rizo Wellmann, Darja"]
[Result "0-1"]
[Termination "normal"]
[Board "46"]
[WhiteElo "793"]
[BlackElo "956"]
[PlyCount "40"]
[WhiteFideId "16214439"]
[BlackFideId "16218361"]
[EventCountry "GER"]
[EventRounds "11"]
[EventType "swiss"]
[EventDate "2013.05.18"]

1. e4 e5 2. Nc3 Nf6 3. Bc4 Nc6 4. Nf3 Nxe4 5. Nxe4 d5 6. Bxd5 Qxd5 7. Nfg5 h6
8. Nc3 Qxg2 9. Rf1 Qxg5 10. d3 Qg2 11. Qe2 Bd6 12. d4 O-O 13. d5 Nd4 14. Be3
Nxe2 15. Nxe2 Bf5 16. O-O-O c6 17. Rg1 Qe4 18. Rd2 Bb4 19. Rg3 Bxd2+ 20. Bxd2
Qxc2# 0-1

[Event "DEM U10/U10w 2013"]
[Site "Oberhof GER"]
[Date "2013.05.22"]
[Round "7"]
[White "Sinnhöfer, Lilian"]
[Black "Zell, Hannah"]
[Result "1-0"]
[Termination "normal"]
[Board "47"]
[WhiteElo "875"]
[BlackElo "723"]
[PlyCount "93"]
[WhiteFideId "12977586"]
[BlackFideId "16208900"]
[EventCountry "GER"]
[EventRounds "11"]
[EventType "swiss"]
[EventDate "2013.05.18"]

1. e4 e5 2. Nf3 Nc6 3. Nc3 Bc5 4. Bb5 Nf6 5. d3 d6 6. Bg5 h6 7. Bxf6 Qxf6 8.
O-O O-O 9. Bxc6 bxc6 10. Rc1 Qg6 11. Nh4 Qg5 12. Nf3 Qf6 13. g3 Bh3 14. Re1 Qg6
15. Nh4 Qg5 16. Nf3 Qf6 17. Na4 Bb4 18. c3 Ba5 19. b4 Bb6 20. Nxb6 cxb6 21. d4
Rae8 22. c4 c5 23. bxc5 bxc5 24. dxe5 dxe5 25. Qd5 Rc8 26. Nxe5 Qg5 27. Nc6 Qg4
28. e5 a6 29. Ne7+ Kh8 30. Nxc8 Qxc8 31. Qd6 Rd8 32. Qe7 Kg8 33. Rcd1 Re8 34.
Qd6 Rd8 35. Qxd8+ Qxd8 36. Rxd8+ Kh7 37. Rd6 Kg8 38. Rxa6 g5 39. a4 Bc8 40. Ra8
Kg7 41. Rxc8 h5 42. Rxc5 Kg6 43. a5 Kf5 44. a6 Kg4 45. a7 Kh3 46. a8=Q g4 47.
Qg2# 1-0